Seri penampilan kediaman yang sihat

Bibliographic Details
Main Author: Imelda Akmal
Format: Book
Published: Kuala Lumpur : Synergy media
Series:Siri pesona seri kediaman
Subjects:

MARC

LEADER 00000cam a2200000 7i4500
001 0000026917
005 20090821.0
008 090804
020 |a 9831979792 
090 0 0 |a 747.883   |b IME 
100 0 |a Imelda Akmal 
245 1 0 |a Seri penampilan kediaman yang sihat   |c Imelda Akmal   |f Nuni Dalina Jamaluddin 
260 |a Kuala Lumpur :   |b Synergy media 
440 |a Siri pesona seri kediaman 
650 0 |a Interior architecture 
650 0 |a Interior decoration 
999 |a 0001058492   |b Book   |c Adult Collection   |e Perbadanan Perpustakaan Awam Johor 
999 |a 0001058493   |b Book   |c Adult Collection   |e Perbadanan Perpustakaan Awam Johor 
999 |a 0001058494   |b Book   |c Adult Collection   |e Perbadanan Perpustakaan Awam Johor 
999 |a 0001058495   |b Book   |c Adult Collection   |e Perbadanan Perpustakaan Awam Johor 
999 |a 0001137703   |b Book   |c Adult Collection   |e Cawangan Pontian 
999 |a 0001137704   |b Book   |c Adult Collection   |e Cawangan Segamat 
999 |a 0001137705   |b Book   |c Adult Collection   |e Cawangan Bukit Gambir 
999 |a 0001137706   |b Book   |c REFERENCE   |e Cawangan Taman Universiti